000 00517nam a2200217Ia 4500
003 OSt
005 20220924145556.0
006 a|||||r|||| 00| 0
007 ta
008 220923b |||||||| |||| 00| 0 per d
024 _a329352
037 _cTextual
040 _aARTS
_cARTS
_bper
041 _2per
_aper
082 _aQ7wK, 164D4.1-.6
245 0 _aMustatab nasir
260 _c1904
650 _aISLAM
_9577
942 _hQ7wK, 164D4.1-.6
_cTEXL
_2CC
999 _c460502
_d460502